| 000 | 00802nam a2200253Ia 4500 | ||
|---|---|---|---|
| 003 | OSt | ||
| 005 | 20220923224612.0 | ||
| 006 | a|||||r|||| 00| 0 | ||
| 007 | ta | ||
| 008 | Pun | ||
| 020 | _c175 | ||
| 024 | _a246,081 | ||
| 037 |
_b7830/IX, 31/01/2011, Arsee Publishers _cTextual |
||
| 040 |
_aARTS _cARTS _bPun |
||
| 041 |
_2Pun _aPun |
||
| 082 | _aO153,1:g, Q0 | ||
| 100 | _aਅਰਵਿੰਦਰ ਕੌਰ | ||
| 245 | 0 | _aਸਮਕਾਲੀ ਕਵਿਤਾ ਦਾ ਨਵਾਂ ਮੁਹਾਂਦਰਾ | |
| 260 |
_aਚੰਡੀਗੜ _b ਲੋਕਗੀਤ _c2010 |
||
| 300 |
_a140ਪੰ _ccm. |
||
| 650 | _aਪੰਜਾਬੀ ਸਾਹਿਤ | ||
| 942 |
_hO153,1:g, Q0 _cTEXL _2CC |
||
| 999 |
_c372452 _d372452 |
||